El Mercurio y la difusión del pensamiento político-económico liberal, 1955-1970

Saved in:
Bibliografiske detaljer
Hovedforfatter: Soto, Angel (Author)
Format: Bog
Sprog:spansk
Udgivet: Santiago Ediciones Centro de Estudios Bicentenario 2003
Udgivelse:2a. ed
Fag:
Tags: Tilføj Tag
Ingen Tags, Vær først til at tagge denne postø!

MARC

LEADER 00000cam a2200000 a 4500
001 UCF8272
003 CL-VaPUC
008 130808e20030000cl |||||||||||||||||spa|d
020 |a 9562721361 
082 0 4 |a 070.449  |b SOT  |2 21 
100 0 |a Soto, Angel  |e author  |9 570374 
245 1 3 |a El Mercurio y la difusión del pensamiento político-económico liberal, 1955-1970 
250 |a 2a. ed 
300 |a 191 p 
942 |c BK 
945 |d 20130808 11:32:00  |a dcastane 
260 |a Santiago  |b Ediciones Centro de Estudios Bicentenario  |c 2003 
650 0 |a Prensa  |9 258117 
650 0 |a Periodismo   |9 310113 
650 0 |a Historia de Chile siglo 20  |9 268145 
583 |a last modification  |c 20130808 11:32:00  |k Rodrigo Vera 
999 |c 352892  |d 352890 
952 |0 0  |1 0  |4 0  |6 070_449000000000000_SOT_2003  |7 0  |8 A  |9 457661  |a BIBHIS  |b BIBHIS  |d 2019-11-22  |i 4994787  |o 070.449 SOT 2003  |p 4994787  |r 2025-01-20  |w 2019-11-22  |y BK  |k HIS